Vízia Európskej komisie o komplexnej európskej medzinárodnej investičnej politike

Právna regulácia priamych zahraničných investícií na úrovni Únie má bezprostredný dopad na hospodárstva jednotlivých členských štátov. Týka sa to pritom rovnako štátov predstavujúcich zväčša hosťovské krajiny investícií, ako aj štátov, ktoré kapitál do zahraničia prevažne exportujú. Kým doteraz mal...

Description complète

Enregistré dans:
Détails bibliographiques
Auteur principal: Karpat, Andrej
Format: Chapitre de livre
Langue:slovaque
Sujets:
Tags: Ajouter un tag
Pas de tags, Soyez le premier à ajouter un tag!

MARC

LEADER 00000naa a2200000 4500
001 0191920
005 20220718123509.7
041 0 |a slo 
044 |a SK 
245 1 0 |a Vízia Európskej komisie o komplexnej európskej medzinárodnej investičnej politike  |c Andrej Karpat 
520 |a Právna regulácia priamych zahraničných investícií na úrovni Únie má bezprostredný dopad na hospodárstva jednotlivých členských štátov. Týka sa to pritom rovnako štátov predstavujúcich zväčša hosťovské krajiny investícií, ako aj štátov, ktoré kapitál do zahraničia prevažne exportujú. Kým doteraz mali na ňu vplyv normy vnútroštátnych právnych poriadkov a medzinárodného práva verejného, zahrnutím priamych zahraničných investícií medzi oblasti spoločnej obchodnej politiky, ku ktorému došlo na základe Lisabonskej zmluvy, sa možnosti Únie vplývať na túto oblasť zásadne zmenili. Spôsob, akým dôjde k výkonu tejto novej výlučnej právomoci Únie má pritom jednoznačne potenciál priamo ovplyvniť hospodársku situáciu jej členských krajín. 
610 2 0 |a Európska únia 
610 2 0 |a politika investičná 
610 2 0 |a dohody medzinárodné 
610 2 0 |a Európska komisia 
610 2 0 |a spolupráca hospodárska medzinárodná 
100 1 |a Karpat, Andrej